000
00298nam a2200133Ia 4500
100
_a
Edward Jones
942
_c
BK
654
_a
Fox pro for 2.5. for dos
245
_a
Fox Pro 2.5 for Dos made easy
260
_b
Osborne
_a
New York
_c
1993
082
_a
5.756511
546
_a
ENGLISH
999
_c
21471
_d
21471